Представление документа в формате MARC21

Поле Инд. ПП Название Значение
Тип записи a
Библиографический уровень b
001 Контрольный номер RU/IS/BASE/160930457
005 Дата корректировки 20200610181739.7
084 a Индекс другой классификации/Индекс ББК 65.9(2Рос)-983; 65.261.41(2Рос)-18
100 1_ a Автор Потрубач Н. Н.
100 1_ a Автор Цыпин И. С.
245 a Заглавие Налоговая составляющая экономической безопасности России
650 a Основная рубрика государственные финансы
a Основная рубрика налоговая система
a Основная рубрика финансы
a Основная рубрика экономика
653 a Ключевые слова бюджет
a Ключевые слова методы налогового стимулирования
a Ключевые слова налоги
a Ключевые слова налоговая политика
a Ключевые слова налоговое регулирование
a Ключевые слова Россия
a Ключевые слова рыночная экономика
a Ключевые слова социально-экономическое развитие
a Ключевые слова федеральный бюджет
a Ключевые слова финансовая безопасность
a Ключевые слова финансовая политика
a Ключевые слова экономическая безопасность
a Ключевые слова экономические циклы
a Ключевые слова экономический кризис
a Ключевые слова экономическое развитие
773 t Заглавие источника Социально-гуманитарные знания
d Дата издания источника 2002
g Прочая информация № 3. - С. 146 - 166 : табл., граф., диагр.
w Контрольный № источника RU/IS/BASE/139677438
901 t Тип документа b